| Tag |
First Indicator |
Second Indicator |
Subfields |
| LEADER |
00000cam a22000005i 4500 |
| 001 |
in00003726558 |
| 005 |
20210728125619.0 |
| 006 |
m o d |
| 007 |
cr nn 008mamaa |
| 008 |
151117s2010 xxk| o |||| 0|eng d |
| 020 |
|
|
|a 9780230294578
|9 978-0-230-29457-8
|
| 024 |
7 |
|
|a 10.1057/9780230294578
|2 doi
|
| 035 |
|
|
|a (DE-He213)978-0-230-29457-8
|
| 035 |
|
|
|a 5306533
|
| 040 |
|
|
|d UtOrBLW
|
| 072 |
|
7 |
|a HPQ
|2 bicssc
|
| 072 |
|
7 |
|a PHI005000
|2 bisacsh
|
| 082 |
0 |
4 |
|a 170
|2 23
|
| 090 |
|
|
|a HQ728
|b .A734 2010
|
| 100 |
1 |
|
|a Archard, David,
|e author.
|0 http://id.loc.gov/authorities/names/n82057804
|
| 245 |
1 |
4 |
|a The Family: A Liberal Defence /
|c by David Archard.
|
| 264 |
|
1 |
|a London :
|b Palgrave Macmillan UK :
|b Imprint: Palgrave Macmillan,
|c 2010.
|
| 300 |
|
|
|a 1 online resource (XXI, 131 pages)
|
| 336 |
|
|
|a text
|b txt
|2 rdacontent
|
| 337 |
|
|
|a computer
|b c
|2 rdamedia
|
| 338 |
|
|
|a online resource
|b cr
|2 rdacarrier
|
| 347 |
|
|
|a text file
|b PDF
|2 rda
|
| 500 |
|
|
|a Electronic resource.
|
| 520 |
|
|
|a An account of the nature and value of the family within a liberal society. It defines 'family', and assesses the right to have a family, whether the family promotes injustice, and what future there is for the family in the face of significant changes.
|
| 650 |
1 |
4 |
|a Philosophy.
|
| 650 |
2 |
4 |
|a Ethics.
|
| 650 |
2 |
4 |
|a Moral Philosophy.
|
| 650 |
2 |
4 |
|a Social Philosophy.
|
| 650 |
2 |
4 |
|a Sociology of Family, Youth and Aging.
|
| 650 |
2 |
4 |
|a Sociology, general.
|
| 650 |
|
0 |
|a Ethics.
|0 http://id.loc.gov/authorities/subjects/sh85045096
|
| 650 |
|
0 |
|a Philosophy.
|0 http://id.loc.gov/authorities/subjects/sh85100849
|
| 650 |
|
0 |
|a Social sciences
|x Philosophy.
|0 http://id.loc.gov/authorities/subjects/sh85124013
|
| 650 |
|
0 |
|a Sociology.
|0 http://id.loc.gov/authorities/subjects/sh85124200
|
| 655 |
|
7 |
|a Electronic books.
|2 local
|
| 710 |
2 |
|
|a SpringerLink (Online service)
|0 http://id.loc.gov/authorities/names/no2005046756
|
| 773 |
0 |
|
|t Springer eBooks
|
| 776 |
1 |
8 |
|i Printed edition:
|z 9781349368525
|
| 856 |
4 |
0 |
|u http://proxy.library.tamu.edu/login?url=https://dx.doi.org/10.1057/9780230294578
|z Connect to the full text of this electronic book
|t 0
|
| 999 |
f |
f |
|s 1d67bb60-6492-38f0-9464-0c4257f9ebbd
|i f8ccfc01-948c-34df-9dfd-d23a4bf2b33c
|t 0
|
| 952 |
f |
f |
|a Texas A&M University
|b College Station
|c Electronic Resources
|d Available Online
|t 0
|e HQ728 .A734 2010
|h Library of Congress classification
|
| 998 |
f |
f |
|a HQ728 .A734 2010
|t 0
|l Available Online
|